000 01165 a2200229 4500
001 42514
005 20260407155714.0
008 260407a1970 arg spa d
003 AR-UNSa-BCEJYS
040 _aAR-UNSa-BCEJYS
_bspa
_cAR-UNSa-BCEJYS
080 _a316
_xSociología
245 1 0 _aSociología
264 1 _aMéxico :
_bMcGraw-Hill
_c1970
300 _a542 p.
_c23 cm.
505 _a1. Estudios científicos de la sociedad - 2. Campos y métodos de la sociología - 3. La naturaleza de la cultura - 4. La significación de la cultura - 5. Socialización, cultura y personalidad - 6. Rol y status - 7. Control social y desviación social - 8. Grupos y asociaciones - 9. Instituciones sociales - 10. La familia - 11. La clase social - 12. El poder social - 13. Procesos sociales - 14. Movilidad social - 15. La raza y las relaciones étnicas - 16. El comportamiento colectivo - 17. Población - 18. La comunidad - 19. Cambio social y cultural - 20. Movimientos sociales -
041 _aspa
942 _cBK
590 _aniveau_biblio:m niveau_hierar:0
100 1 _aLópez-Cepero, José M.
700 1 _aHunt, Chester L.
700 1 _aHorton, Paul B.
999 _c3623
_d3623